00451nam a2200133Ia 4500100002600000942000700026654002700033245004400060260003200104082001700136546001200153999001700165952013500182 aRiley/ W.F./ Zachary  cBK aMechanics of materials aIntroduction to Mechanics of Materials bJohn WileyaNew Yorkc1989 a620.112bPAN aENGLISH c18093d18093 001040708CRCaCRCEbCRCEc1437 | 42d2023-03-17eglobal booksg596.75l0o620.112 PANp7473r2023-03-17v596.75w2023-03-17yBK